THE STATE OF WELFARE (Record no. 1440)

000 -LEADER
fixed length control field 00297nam a22001097a 4500
008 - FIXED-LENGTH DATA ELEMENTS--GENERAL INFORMATION
fixed length control field 150827b xxu||||| |||| 00| 0 eng d
020 ## - INTERNATIONAL STANDARD BOOK NUMBER
International Standard Book Number 0815781229
082 ## -
Classification number 361.65 STE
100 ## - MAIN ENTRY--PERSONAL NAME
Personal name STEINER, GILBERT.Y
245 ## - TITLE STATEMENT
Title THE STATE OF WELFARE
260 ## - PUBLICATION, DISTRIBUTION, ETC. (IMPRINT)
Place of publication, distribution, etc. WASHINGTON, D.C
Name of publisher, distributor, etc. THE BROOKINGS INSTITUTION
Date of publication, distribution, etc. 1971
Holdings
Withdrawn status Lost status Source of classification or shelving scheme Damaged status Koha normalized classification for sorting Not for loan Home library Current library Shelving location Date acquired Total Checkouts Full call number Barcode Date last seen Price effective from Koha item type
        361_650000000000000_STE   Dodoma Dodoma Ground Floor 27/08/2015   361.65 STE 000000001760 29/07/2019 27/08/2015 BOOKS

IRDP © 2019 :: Managed by IRDP ICT Unit